Real Cat Breeds - Sudden Death - Statistics

General Stats
  • This quiz has been taken 36 times
  • The average score is 7 of 17
Answers on the Grid
Answers color-coded by a green-red scale on the quiz's grid according to % correct below.
Transylvanian
Artsakhtsi
Balinese
British Shorthair
Caucasian
Chartreux Rex
Cornish Rex
Danish Shorthair
European Shorthair
Frankish Rex
French Coon
Himalayan
Hungarian Mau
Japanese Bobtail
Korat
Lykoi
Mand
Mellican
Norwegian Forest Cat
Ocicat
Oriental Shorthair
Peterbald
Romanian Longhead
Sahelian
Selkirk Rex
Somali Cat
Tiagau
Toyger
Turkish Angora
Vietnamese Bobtail
 
Answer Stats
Answer % Correct
British Shorthair
80%
Cornish Rex
63%
Turkish Angora
60%
Norwegian Forest Cat
57%
European Shorthair
53%
Japanese Bobtail
53%
Balinese
47%
Himalayan
47%
Oriental Shorthair
47%
Chartreux Rex
33%
Somali Cat
30%
Ocicat
27%
Peterbald
23%
Selkirk Rex
23%
Toyger
20%
Korat
17%
Lykoi
10%
No matching quizzes found
Score Distribution
Percent of People with Each Score
Percentile by Number Answered
Your Score History
You have not taken this quiz